50 Largest Cities in Canada - Statistics

General Stats
  • This quiz has been taken 50 times
  • The average score is 25 of 50
Answer Stats
Population City % Correct
2,794,356 Toronto
100%
1,762,949 Montreal
97%
1,306,784 Calgary
94%
1,010,899 Edmonton
94%
662,248 Vancouver
94%
1,017,449 Ottawa
91%
749,607 Winnipeg
91%
531,902 Quebec City
85%
403,131 Halifax
79%
108,860 St. John's
79%
246,376 Saskatoon
76%
215,106 Regina
74%
569,353 Hamilton
71%
383,822 London
71%
123,798 Kingston
62%
717,961 Mississauga
59%
217,188 Windsor
59%
233,222 Kitchener
56%
107,909 Thunder Bay
56%
517,887 Surrey
50%
656,480 Brampton
47%
161,531 Greater Sudbury
47%
134,413 Trois-Rivières
47%
276,245 Gatineau
44%
127,380 Kelowna
44%
422,993 Laval
44%
159,458 Oshawa
44%
161,323 Sherbrooke
44%
131,794 Guelph
41%
328,966 Markham
41%
306,233 Vaughan
41%
141,434 Barrie
38%
198,309 Richmond
38%
141,397 Abbotsford
32%
232,755 Burnaby
32%
183,314 Burlington
29%
143,414 Levis
29%
117,285 Langley
26%
239,700 Longueuil
26%
195,022 Richmond Hill
26%
145,949 Saguenay
26%
133,113 St. Catharines
26%
129,920 Cambridge
24%
193,832 Oakville
24%
119,677 Ajax
21%
139,284 Coquitlam
21%
114,148 Saanich
15%
110,128 Milton
12%
128,377 Whitby
9%
111,575 Terrebonne
6%
No matching quizzes found
Score Distribution
Percent of People with Each Score
Percentile by Number Answered
Your Score History
You have not taken this quiz